000 01534nam a2200253Ia 4500
003 Ost
005 20260507075545.0
008 260507s9999||||xx |||||||||||||| ||und||
020 _a9774081803
040 _cfsecg
041 _aara
082 _a658.8
100 _aليدستون، جون
_eمؤلف
245 0 _aالمهارات التسويقية والاعلامية للشركات الدوائية /
_c جون ليدستون
246 _aPresentation Planning and Media Relations for the Pharmaceutical Industry
260 _aالجيزة:
_bدار الفاروق للنشر والتوزيع,
_c2009
300 _a240 صفحة؛
_bإيضاحات ؛
_c24 سم
490 _aسلسلة مهارات التسويق الحديثة
520 _aيضم إعداد وإلقاء العروض التقديمية الرسمية، عملية التواصل وسبل التعلم، إعداد العرض التقديمي، مقدمة العرض التقديمي، إدارة العرض التقديمي ووسائل العرض المرئية، عقد المؤتمرات المرئية عن بعد ، العروض المسموعة والمرئية، سبل التعامل مع الوسائل الإعلامية، سبل مواجهة وسائل الإعلام، التعامل مع الصحافة، التدريب على المهارات الإعلامية
653 _aالأدوية- تسويق
653 _aالأدوية، صناعة وتجارة
653 _aالصناعات الكيمياوية
942 _cكتاب
999 _c44889
_d44889